[Event "78th Armenian Chess Ch"]
[Site "Yerevan"]
[Date "2017.08.22"]
[Round "13"]
[White "Mikaelyan, Arman"]
[Black "Kalashian, David"]
[Result "1-0"]
[WhiteElo "2486"]
[BlackElo "2389"]
[Annotator "TA"]
[PlyCount "131"]
[EventDate "2017.??.??"]
[EventCountry "ARM"]
[SourceTitle "playchess.com"]
[Source "ChessBase"]
[SourceQuality "1"]

{[%evp 18,131,30,28,40,27,35,39,34,34,44,0,0,0,58,60,68,61,64,59,90,56,56,56,56,56,56,56,56,55,67,54,55,34,87,57,59,57,70,24,29,33,18,20,26,24,31,41,27,0,0,0,0,0,0,0,0,0,0,0,0,0,0,0,0,0,12,0,0,0,0,0,0,0,0,0,1502,1232,12840,12840,12841,0,0,0,0,0,12838,12839,12845,12846,12847,12846,12846,0,12844,0,0,0,12844,0,12846,12846,12846,12847,12850,12847,12850,0,12850,0,12850,29974,12851,29972,29993,29994]} 1. d4 Nf6 2. c4 g6 3. Nc3 Bg7 4. e4 d6 5. Be2 O-O 6. Bg5 c5 7. d5 h6 8. Be3 e6 9. Nf3 exd5 10. exd5 {LiveBook: 15 Games} a6 {E75: King's Indian: Averbakh Variation: 6...c5 7 d5 e6} (10... Re8 11. O-O Bf5 12. h3 Ne4 13. g4 Nxc3 14. bxc3 Be4 15. Rc1 Nd7 16. Qd2 f5 17. Bxh6 fxg4 18. hxg4 Bxf3 19. Bxf3 Ne5 20. Be2 Nxg4 21. Bxg4 {1-0 (39) Vovk,Y (2624)-Ezat,M (2476) Abu Dhabi 2015}) 11. h3 b5 12. cxb5 axb5 {White is slightly better.} 13. Bxb5 Ne4 $146 ({Predecessor:} 13... Ba6 14. Bxa6 Nxa6 15. O-O Nc7 16. Qd3 Ra6 17. Rad1 Qa8 18. Bc1 {1-0 (49) Laux,T (2350)-Bruch,I (2295) Germany 1994}) 14. Qb3 (14. O-O {feels hotter.} Bxc3 15. Qc2 Bg7 16. Qxe4 Na6 17. Bd2) 14... Nxc3 15. bxc3 Qf6 (15... Qa5 $11 16. O-O Qxc3 17. Qxc3 Bxc3) 16. Rc1 $1 $14 Bf5 17. Nd2 Na6 18. O-O {[%cal Bh1f1,Bf1b1,Bb1b8][%mdl 32]} Nc7 19. Bc6 Rfb8 $1 {[%cal Rb8b3]} 20. Qc4 Ra3 21. g4 Bc8 22. Rb1 Rxb1 23. Rxb1 Ba6 24. Rb8+ Kh7 25. Qf4 (25. g5 $5 {[%cal Rg5f6]} Qf5 26. Qg4 $16) 25... Qe7 (25... Qxf4 $14 26. Bxf4 Rxa2) 26. Ne4 Rxa2 27. g5 $1 {[#] Threatens to win with Nf6+.} Ra1+ 28. Kh2 {aiming for Nf6+.} Be5 29. Nf6+ Qxf6 $1 30. gxf6 Bxf4+ 31. Bxf4 Bc4 32. Rb7 g5 $1 {[%cal Rg5f4]} 33. Rxc7 gxf4 34. Rxf7+ $11 {[%mdl 4096] Endgame KRB-KRB} Kg6 35. Re7 (35. Rf8 $5 {[%cal Rc6e8]} Rd1 36. Be8+ Kf5 37. Bh5 $16) 35... Rd1 36. f7 Kg7 37. Re4 (37. Re6 {with more complications.} Bxd5 38. Bxd5 Rxd5 39. Rf6 Kf8 40. Rxf4 Rd3 41. c4) 37... Bxd5 38. Bxd5 Rxd5 39. Rxf4 {KR-KR} Kf8 40. Kg3 Re5 41. Rf6 d5 42. Rxh6 Kxf7 43. Rc6 c4 44. h4 {[%cal Bh3h4,Bh4h5,Bh5h6][%mdl 32]} Ke7 45. Kg4 {h5 is the strong threat.} Re2 46. f4 {Hoping for h5.} Re3 $2 {[%mdl 8192]} (46... Rg2+ $11 47. Kf5 Rg3) 47. h5 $18 Rxc3 48. h6 {[#] White wants to mate with h7.} Kf7 49. Kf5 $2 ({Only move:} 49. Rc7+ $18 Kg8 50. f5) 49... Rh3 $11 50. Ke5 Rh5+ 51. f5 {[%cal Bf4f5,Bf5f6][%mdl 32] Strongly threatening Rc7+.} Kg8 $2 {[%mdl 8192]} (51... d4 $11) 52. Ke6 $18 Kh7 53. f6 Rxh6 54. Rc7+ Kg8 55. Rc8+ Kh7 56. Kf5 Rh5+ $1 57. Ke6 {f7 would kill now.} Rh6 58. Rc7+ Kg8 $1 59. Rc5 Kh7 60. Rc8 d4 61. Rc7+ Kg8 62. Rc8+ Kh7 63. Rc7+ Kg8 $1 64. Rxc4 d3 65. Rd4 Rh3 66. f7+ {Precision: White = 49%, Black = 70%.} ({Not} 66. Rd8+ Kh7 $14) 1-0

[Event "78th Armenian Chess Ch"]
[Site "Yerevan"]
[Date "2017.08.22"]
[Round "13"]
[White "Hakobyan, Aram"]
[Black "Petrosyan, Manuel"]
[Result "1/2-1/2"]
[WhiteElo "2466"]
[BlackElo "2565"]
[Annotator "TA"]
[PlyCount "125"]
[EventDate "2017.??.??"]
[EventCountry "ARM"]
[SourceTitle "playchess.com"]
[Source "ChessBase"]
[SourceQuality "1"]

{[%evp 19,125,7,6,3,9,7,16,10,33,25,23,11,19,6,9,0,8,7,33,17,19,20,63,47,28,0,8,-12,124,95,97,99,62,0,177,32,38,48,117,117,135,122,175,108,115,108,131,131,137,136,128,138,130,138,129,126,154,140,162,20,20,21,20,22,22,27,27,29,29,29,30,0,12,0,9,0,26,22,36,28,55,16,16,16,50,16,22,0,0,0,0,0,0,0,0,-1,-2,-2,0,-2,8,8,8,8,8,8,8,8]} 1. d4 Nf6 2. c4 e6 3. Nf3 b6 4. a3 Bb7 5. Nc3 d5 6. Qc2 Be7 7. cxd5 exd5 8. Bg5 {E12: Queen's Indian: Unusual White 4th moves, 4 a3, 4 Nc3 Bb7 5 a3 and 4 Nc3 Bb7} O-O 9. e3 h6 10. Bxf6 Bxf6 {LiveBook: 5 Games} 11. Rd1 $146 ({Find the theoretical novelty and annotate with similar games:} 11. h4 c5 12. O-O-O cxd4 13. exd4 Qd6 14. Kb1 Nc6 15. g4 Qf4 16. Rh3 {0-1 (80) Lysyj,I (2691)-Karjakin,S (2757) Jurmala 2015}) 11... Nd7 12. Bd3 Be7 13. O-O a5 14. Rc1 c6 15. Bf5 Nf6 16. Na4 Bd6 17. Qb3 g6 18. Bh3 Ba6 19. Rxc6 Bxf1 20. Kxf1 Qe7 21. Nxb6 Rab8 {White should prevent ...Qd8.} 22. Qc3 Qb7 23. Nc8 (23. Rxd6 Ne4 $19) 23... Be7 (23... Rd8 $1 $11 24. Nxd6 Rxd6 25. Rxd6 Ne4 26. Rxg6+ (26. Qxa5 Nxd6 27. b4 Ra8 $17) 26... fxg6) 24. Ne5 Ne4 25. Qc2 $36 {[%mdl 2048] Keeping Black busy.} ({Of course not} 25. Qxa5 Rfxc8 26. Bxc8 Qxb2 $11) 25... Qb5+ 26. Kg1 (26. Ke1 $14 Bh4 27. g3) 26... Bxa3 $2 (26... Bg5 $1 $11 {and Black has nothing to worry.} 27. Nd7 Rb7) 27. f3 (27. bxa3 $18 Qb1+ 28. Qc1) 27... Qxb2 $14 28. Qxb2 ({But not} 28. fxe4 $2 Qa1+ 29. Kf2 Rb2 $19) 28... Bxb2 (28... Rxb2 $14 29. fxe4 dxe4) 29. fxe4 $16 {aiming for Ne7+.} a4 30. Ra6 {Threatens to win with Nc6.} dxe4 {[#]} (30... Bc1 $16) 31. Ne7+ ({Don't do} 31. Rxa4 $6 Rfxc8 32. Bxc8 Rxc8 $14) ({White should try} 31. Nb6 $1 $18) 31... Kg7 32. Rxa4 Bc1 33. Nc4 Ra8 34. Bd7 Rxa4 35. Bxa4 Ra8 36. Bc6 Ra1 {[%cal Rc1e3]} 37. Kf2 Ra2+ 38. Kf1 Rc2 {[#]} 39. Bd5 (39. Bb5 $1 $18) 39... f5 $11 40. Nc6 Rc3 41. Ke2 Rc2+ $1 42. Kd1 Rc3 43. Nd2 Ba3 44. Ke2 Bd6 45. h3 Rc1 46. g4 (46. Nxe4 $5 fxe4 47. Bxe4 $11) 46... Rh1 47. gxf5 Rh2+ 48. Kd1 gxf5 49. Be6 Rxh3 50. Bxf5 (50. Nc4 {feels hotter.} Kf6 51. Bc8 Bc7 52. d5 Rh1+ 53. Kd2) 50... Rxe3 51. Nxe4 Bc7 52. Nb4 (52. Kd2 $5 {[%cal Rd2e3]} Rf3 53. Be6 $16) 52... h5 {The position is equal.} 53. Nd5 Rf3 54. Be6 {Ke2 is the strong threat.} (54. Ke2 $5 {[%cal Re2f3]} Rxf5 55. Nxc7 $11) 54... Rd3+ 55. Ke2 Rxd4 56. Ke3 Be5 57. Kf3 (57. Ne7 $5 {[%cal Re7f5]} Rxe4+ 58. Kxe4 $11) 57... Rd3+ 58. Ke2 Rd4 59. Ke3 h4 {And now ...h3! would win.} 60. Ne7 {Hoping for Nf5+.} Rxe4+ 61. Kxe4 Kf6 62. Bh3 Kxe7 63. Kxe5 {Precision: White = 55%, Black = 39%.} 1/2-1/2

[Event "78th Armenian Chess Ch"]
[Site "Yerevan"]
[Date "2017.08.22"]
[Round "13"]
[White "Harutjunyan, Gevorg"]
[Black "Baghdasaryan, Vahe"]
[Result "0-1"]
[WhiteElo "2454"]
[BlackElo "2469"]
[Annotator "TA"]
[PlyCount "42"]
[EventDate "2017.??.??"]
[EventCountry "ARM"]
[SourceTitle "playchess.com"]
[Source "ChessBase"]
[SourceQuality "1"]

{[%evp 11,42,0,14,14,14,12,12,0,0,0,30,37,58,58,56,0,0,-4,6,0,4,-96,-102,-184,-196,-888,-899,-1008,-777,-1285,-1267,-2637,-2402]} 1. e4 c5 2. Nf3 d6 3. d4 cxd4 4. Nxd4 Nf6 5. Nc3 a6 6. h4 {B90: Sicilian Najdorf: Unusual White 6th moves, 6 Be3 Ng4 and 6 Be3 e5} (6. Bg5 e6 7. f4 h6 8. Bh4 Qb6 9. a3 Be7 10. Qd3 Nbd7 11. O-O-O g5 12. fxg5 Ne5 13. Qd2 Nh7 14. Nf3 hxg5 15. Bf2 Qc7 16. Be2 Bd7 17. h4 {½-½ (30) Caruana,F (2807)-Vachier Lagrave,M (2791) Saint Louis 2017}) 6... Nc6 {LiveBook: 8 Games} (6... e5 $5 {[%cal Re5d4]} 7. Nf3 Be7 $11) 7. Bg5 e6 {[%cal Be7e6,Be6e5][%mdl 32]} 8. Be2 $146 {The position is equal.} ({Predecessor:} 8. Qd2 Qb6 9. Nb3 Bd7 10. O-O-O O-O-O 11. f3 Kb8 12. Be3 Qc7 13. Na4 Re8 {1-0 (53) Nielsen,P (2654)-Carstensen,J (2352) Berlin 2015}) 8... Be7 9. Qd2 h6 10. Be3 e5 11. Nb3 b5 12. O-O-O Be6 13. Qe1 (13. Kb1 $14) 13... Rc8 $11 14. f4 exf4 15. Bxf4 Qc7 $1 16. Qg3 {[#]} (16. g4 $11 {keeps the balance.}) 16... Nb4 $1 $17 17. Nd4 {[#]} (17. Kb1 $17 Nxe4 18. Qxg7 Nxc3+ 19. bxc3 Qxc3 20. Qxc3 Rxc3 21. Nd4) 17... Qa5 $1 $19 18. Nd5 $2 (18. Bf3 Rxc3 19. bxc3 Nxa2+ 20. Kd2 Nxc3 21. Ke3) 18... Nxe4 {Black is clearly winning.} 19. Qxg7 Nxd5 20. Nxe6 Bf6 21. Rxd5 Qxa2 {Precision: White = 27%, Black = 69%.} 0-1

[Event "78th Armenian Chess Ch"]
[Site "Yerevan"]
[Date "2017.08.22"]
[Round "13"]
[White "Sargsyan, Shant"]
[Black "Hayrapetyan, Hovik"]
[Result "1-0"]
[WhiteElo "2416"]
[BlackElo "2502"]
[Annotator "TA"]
[PlyCount "87"]
[EventDate "2017.??.??"]
[EventCountry "ARM"]
[SourceTitle "playchess.com"]
[Source "ChessBase"]
[SourceQuality "1"]

{[%evp 18,87,21,0,14,0,20,20,20,15,25,25,25,23,30,14,0,7,5,11,9,0,14,-18,0,0,0,0,0,0,0,0,-5,-10,-18,-37,-31,-59,-54,-131,-121,-103,-97,-83,-95,-89,0,-58,0,-87,-11,-17,0,0,0,0,0,0,0,0,17,25,484,475,680,671,627,589,29982,29983,29993,29994]} 1. d4 Nf6 2. c4 g6 3. Nc3 d5 4. Nf3 Bg7 5. h4 c6 6. cxd5 {D90: Grünfeld: 4 Nf3 Bg7 sidelines} (6. Bg5 dxc4 7. e4 Be6 8. e5 Nd5 9. h5 Nd7 10. h6 Bf8 11. Ne4 f6 12. Bd2 b5 {0-1 (37) Kasparov,G (2812)-Nepomniachtchi,I (2751) Saint Louis 2017}) 6... cxd5 7. Bf4 Nc6 8. e3 O-O 9. Qb3 Na5 10. Qb4 {LiveBook: 7 Games} Nc6 11. Qb3 a6 12. Rc1 b5 $146 ({Predecessor:} 12... Qa5 13. Be2 b5 14. O-O Bb7 {1-0 (50) Dzikowski,M (2086)-Burnett,A (2162) Liberec 2017}) 13. Ne5 Na5 14. Qb4 Nh5 15. Bh2 Bxe5 16. Bxe5 {Hoping for Qc5.} Nc6 17. Qc5 Nxe5 18. dxe5 Bb7 19. Be2 Ng7 20. Bg4 h5 21. Bh3 e6 22. Qd4 Rc8 {With the idea ...Rc4.} 23. b3 Qa5 24. O-O Rc6 25. Kh2 b4 $36 {[%mdl 2048] Black is more active.} 26. Na4 Rfc8 27. Rxc6 Rxc6 28. f4 ({White should try} 28. Rd1 $15) 28... Rc2 $17 29. Ra1 Qb5 30. Qd1 Qc6 {[#] White must now prevent ...d4!} 31. Qd4 Qb5 32. Qd1 $1 {[%cal Rd1c2]} Qc6 33. Qd4 Nf5 (33... a5 $17 {Threatening ...Ne8.} 34. a3 bxa3 35. Rxa3 Ne8) 34. Bxf5 $1 $11 gxf5 35. Rf1 $1 {[%cal Ba1f1,Bf1f3,Bf3g3,Bg3g5][%mdl 32]} a5 (35... Rxa2 $5 {[%cal Rc6c2]} 36. Rf3 Qc1 $11) 36. Rf3 $1 {White wants to play e4!} Ba6 ({Don't go for} 36... Rxa2 $2 37. Rg3+ Kf8 38. Qa7 $18) 37. Rg3+ Kf8 38. Rg5 Qb5 39. Nb6 {aiming for Nc4!} Rc3 $2 {[%mdl 8192] [#]} (39... Qc6 $1 $11 {and Black is okay.}) 40. Nc4 $1 $18 {[%mdl 512]} a4 (40... Qc6 $142 41. Rxh5 Qc7) (40... dxc4 41. Qd6+) 41. Qa7 {Nd6 would kill now.} dxc4 42. Qa8+ Ke7 43. Rg8 {[%csl Gg8][%cal Ra8d8]} Rd3 44. bxc4 {Precision: White = 74%, Black = 49%.} 1-0

[Event "78th Armenian Chess Ch"]
[Site "Yerevan"]
[Date "2017.08.22"]
[Round "13"]
[White "Torosyan, Norayr"]
[Black "Shahinyan, David"]
[Result "1/2-1/2"]
[WhiteElo "2350"]
[BlackElo "2428"]
[Annotator "TA"]
[PlyCount "137"]
[EventDate "2017.??.??"]
[EventCountry "ARM"]
[SourceTitle "playchess.com"]
[Source "ChessBase"]
[SourceQuality "1"]

{[%evp 18,137,47,28,16,26,22,-39,-43,-46,-35,-47,-54,-39,-29,-68,-29,-43,-39,-35,-34,-54,-45,-35,-19,-20,0,-44,-40,-77,-81,-50,0,0,0,0,225,228,218,223,322,322,310,322,299,251,251,251,251,251,251,251,251,251,254,240,230,0,258,241,260,244,252,250,250,238,222,167,229,224,321,318,473,456,434,386,428,304,404,368,349,258,260,282,253,173,110,125,116,114,427,411,386,113,108,97,94,81,179,83,206,210,221,30,221,212,205,0,0,0,0,0,0,0,0,0,0,0,0,0,0,0]} 1. e4 e6 2. d4 d5 3. Nd2 Be7 4. e5 c5 5. c3 Nc6 {[%cal Bb8c6,Bc6b4,Bb4d3][%mdl 32]} 6. Bd3 {C03: French Tarrasch: Unusual Black 3rd moves} cxd4 (6... h5 7. Ndf3 Bd7 8. Ne2 cxd4 9. cxd4 Nb4 10. Bb1 Bb5 11. O-O Rc8 12. Re1 g5 13. Nc3 Ba6 {1-0 (46) Blomqvist,E (2546)-Eljanov,P (2755) Malmo 2017}) 7. cxd4 Qb6 8. Ndf3 Bd7 {[%cal Bc8d7,Bd7b5,Bb5d3][%mdl 32]} 9. Ne2 Nb4 10. Bb1 {LiveBook: 17 Games} Bb5 11. a3 Qa6 12. Nc3 (12. Nf4 $11) 12... Nd3+ $15 13. Bxd3 $1 Bxd3 14. Qa4+ Qxa4 15. Nxa4 Rc8 $146 16. Nc3 h5 17. Be3 Nh6 18. Kd2 Ba6 19. Bg5 Bxg5+ (19... f6 $5 {[%cal Rf6g5]} 20. Bxh6 Rxh6 $11) 20. Nxg5 Nf5 21. Nf3 Rh6 22. g3 g5 23. h3 Rc4 $1 24. Ne2 g4 25. hxg4 hxg4 26. Rxh6 gxf3 $2 (26... Nxh6 $11 27. Nh4 Rc8) 27. Rh8+ $18 Ke7 28. b3 Rc6 (28... fxe2 {keeps fighting.} 29. bxc4 Nxd4) 29. g4 fxe2 30. gxf5 exf5 {[%mdl 4096] Endgame KRR-KRB} 31. Rg1 f4 32. Rh4 Rb6 33. b4 ({Inferior is} 33. Rxf4 Rxb3 34. Rc1 Rxa3 $11) 33... Bc4 34. Rxf4 {Threatens to win with Rg7.} Rh6 35. f3 Rh2 36. Ke1 Rh3 37. Kd2 Rh2 $1 38. Re1 Rf2 39. Rf5 Ke6 40. Rf6+ Ke7 41. a4 Rf1 42. b5 {[%cal Bb4b5,Bb5b6][%mdl 32]} Rf2 (42... b6 $142 43. Rf5 Ke6) 43. Ke3 $1 {[%cal Re3f2]} Rh2 (43... Rf1 {was worth a try.} 44. Kd2 b6) 44. b6 a5 (44... axb6 $142 45. Rxb6 Ba6) 45. Rd6 Rh4 46. Rg1 Rh2 47. Rf6 Rg2 48. Rb1 Rh2 49. Rf4 Rh6 50. Kd2 Rh2 51. Re1 Rh6 {[#]} 52. Rf6 $1 {[%cal Rf6h6]} Rh4 53. f4 Rh2 $2 {[%mdl 8192]} (53... Rh3 $16 {is more resistant.} 54. Rd6 Rf3) 54. Rd6 Rh4 {[#]} 55. Rxe2 $2 (55. Ke3 $1 $18) 55... Rxf4 $16 56. Re3 Rxd4+ 57. Kc3 Rd1 (57... Rg4 $16) 58. Rf3 (58. Rh3 $18 {and White stays clearly on top.}) 58... Ra1 (58... Rc1+ $16 {might work better.} 59. Kd4 Rd1+ 60. Kc5 Rc1) 59. Rdf6 $18 Rxa4 60. R3f4 $2 (60. Rxf7+ $18 Ke6 61. R3f5) 60... Rb4 $2 (60... Ra3+ $11 {and Black has nothing to worry.} 61. Kd4 Rd3+ 62. Kc5 Rc3) 61. Rxf7+ Ke6 62. Kd4 $2 ({Much less strong is} 62. Rxb7 $6 Kxe5 63. Rh4 Rb3+ 64. Kd2 a4 $16) (62. R4f5 $18) 62... Ba6+ $11 {The position is equal.} 63. Kc5 {Black must now prevent R7f6+.} Rb5+ 64. Kd4 {[%csl Ge5,Gf7][%cal Rf4f6]} Rb4+ 65. Kc5 {Strongly threatening R7f6+.} Rb5+ 66. Kd4 {[%csl Ge5,Gf7][%cal Rf4f6]} Rb4+ 67. Kc5 {aiming for R7f6+.} Rb5+ 68. Kd4 {[%csl Ge5,Gf7][%cal Rf4f6]} Rb4+ 69. Kc5 {Precision: White = 52%, Black = 48%.} (69. Ke3 $5 {[%cal Rf7f6]} Rb3+ 70. Kd4 Rd3+ 71. Kc5 $11) 1/2-1/2

[Event "78th Armenian Chess Ch"]
[Site "Yerevan"]
[Date "2017.08.22"]
[Round "13"]
[White "Danielyan, Vahe"]
[Black "Mkrtchyan, Eduard"]
[Result "1-0"]
[WhiteElo "2344"]
[BlackElo "2203"]
[Annotator "NA"]
[PlyCount "63"]
[EventDate "2017.??.??"]
[EventCountry "ARM"]
[SourceTitle "playchess.com"]
[Source "ChessBase"]
[SourceQuality "1"]
[TimeControl "40/5400+30:1800+30"]

{[%evp 19,51,75,139,63,32767,75,124,32767,32767,32767,141,130,32767,154,262,287,312,353,375,313,620,664,834,885,846,920,887,572,550,592,551,620,584,591]} 1. e4 {[%emt 0:00:00]} c5 {[%emt 0:00:05]} 2. Nc3 {[%emt 0:00:00]} e6 {[%emt 0:02:00]} 3. Nf3 {[%emt 0:00:00]} a6 {[%emt 0:00:09]} 4. d4 {[%emt 0:00:19]} cxd4 {[%emt 0:00:05]} 5. Nxd4 {[%emt 0:00:04]} d6 {[%emt 0:03:26]} 6. Be2 {[%emt 0:00:35]} Nf6 {[%emt 0:00:10]} 7. g4 {[%emt 0:00:04]} h6 {[%emt 0:01:15]} 8. h4 {[%emt 0:00:20] B84: Sicilian Scheveningen: 6 Be2 a6, lines without early Be3} b5 {[%emt 0:03:27]} (8... Nc6 9. Be3 d5 10. exd5 Nxd5 11. Nxd5 Qxd5 12. Bf3 Qa5+ 13. c3 Bd7 14. Qb3 Qc7 15. Qc4 Rc8 {1-0 (29) Plat,V (2503)-Plischki,S (2384) Olomouc 2016}) 9. Bf3 {[%emt 0:01:42]} e5 {[%emt 0:08:25]} 10. Nf5 {[%emt 0:03:37]} g6 $146 {[%emt 0:01:54] [#]} ({Predecessor:} 10... b4 11. Nd5 Nxd5 12. Qxd5 Ra7 13. Be3 Be6 14. Qd2 Rd7 15. Rd1 h5 16. Qxb4 hxg4 17. Bxg4 {1-0 (29) Hoang,T (2267)-Laciner,K (2179) Budapest 2005}) 11. Ng3 {[%emt 0:03:08]} (11. Nxh6 $1 $16 Bxh6 12. Bxh6) 11... b4 {[%emt 0:03:25]} 12. Nd5 {[%emt 0:00:40]} Nc6 {[%emt 0:00:27]} 13. Be3 {[%emt 0:01:18]} Nxd5 {[%emt 0:05:51]} 14. exd5 {[%emt 0:00:11]} Na5 {[%emt 0:01:02]} (14... Ne7 $142) 15. Qd3 {[%emt 0:01:18]} Bd7 {[%emt 0:00:53]} 16. h5 {[%emt 0:05:06]} Qf6 {[%emt 0:06:28]} (16... g5 $16 {was necessary.}) 17. Be2 {[%emt 0:02:54]} Bb5 {[%emt 0:02:35]} 18. Qe4 {[%emt 0:00:07]} Bxe2 {[%emt 0:00:29]} 19. Kxe2 {[%emt 0:00:06]} ({Not} 19. Nxe2 Rc8 $16) 19... Be7 $2 {[%emt 0:07:48]} (19... Rc8 20. Qxb4 Nc4) 20. Qxb4 {[%emt 0:00:55]} Bd8 21. Ne4 {[%emt 0:00:32]} Qe7 {[%emt 0:04:55]} 22. hxg6 {[%emt 0:00:05]} fxg6 {[%emt 0:01:16]} 23. Qxd6 {[%emt 0:02:32]} Qxd6 {[%emt 0:01:33]} 24. Nxd6+ {[%emt 0:00:06]} Ke7 {[%emt 0:00:22]} 25. Ne4 {[%emt 0:00:06]} Rc8 $18 {[%emt 0:00:09]} 26. c3 {[%emt 0:00:41]} h5 {[%emt 0:00:50]} 27. gxh5 {[%emt 0:00:14]} gxh5 {[%emt 0:00:21]} 28. Rag1 {[%emt 0:00:05]} Nc4 {[%emt 0:00:54]} 29. Bc5+ {[%emt 0:02:03]} Rxc5 {[%emt 0:01:44]} 30. Nxc5 {[%emt 0:00:08]} Kd6 {[%emt 0:00:01]} 31. Nb7+ {[%emt 0:00:11]} Kxd5 {[%emt 0:00:10]} 32. Rd1+ {[%emt 0:00:14]} 1-0